00784 2200277 4500001002100000005001500021035002000036007000300056008004100059020002200100082001600122084001800138100002300156245005700179300002500236650002200261264004700283336002100330337003000351338002300381040002200404090002200426850001200448250002600460990002000486INLIS00000000089902320250822103833 a0010-0825000457ta250820s2009 yoi g | jav d a978-979-008-314-104223a899.222 a899.222 MAR l0 aMarsonoePengarang10aLokajaya :bsuntingan teks dan terjemahan /cMarsono a165 halaman ;c23 cm 4aKesusastraan Jawa31aJakarta :bPerpustakaan Nasional RI,c2009 2rdacontentateks 2rdamediaatanpa perantara 2rdacarrieravolume aYOPDYOGbinderda aNUS 899.222 MAR l aYOPDYOG aCetakan Pertama: 2009 a73692-PD/A.2025